Science Quiz

Random Science or Biology Quiz

Climb the Tree of Life Quiz Stats

Quiz not verified by Sporcle

Challenge
Share
Tweet
Score 0/16 Timer 10:00
0 Plays Today
% Correct
jaguar
92.2%
E. coli
82.5%
platypus
79.3%
gray wolf
78.2%
crested iguana
76.7%
squirrel monkey
75.8%
ranulated sea star
74.7%
sea sponge
73.5%
% Correct
mandarin fish
72.6%
kangaroo
67.3%
poison dart frog
61.6%
purple-striped jelly
53%
bluespotted ribbontail ray
51.5%
fly agaric
48.6%
baobab tree
31.7%
peacock mantis shrimp
22.1%

You're not logged in!

Compare scores with friends on all Sporcle quizzes.
Sign Up with Email
OR
Log In

You Might Also Like...

Show Comments

Extras

Top Quizzes Today


Score Distribution

Your Account Isn't Verified!

In order to create a playlist on Sporcle, you need to verify the email address you used during registration. Go to your Sporcle Settings to finish the process.